[Event "DVM U14 2020"]
[Site "Willingen GER"]
[Date "2021.06.25"]
[Round "3"]
[White "Clauß, Annika"]
[Black "Junge, Mattheo Gabriel"]
[Result "1-0"]
[Termination "normal"]
[Board "9.4"]
[WhiteElo "1133"]
[BlackElo "1267"]
[WhiteTeam "Schachklub Münster 32 e. V."]
[BlackTeam "SV Schott Jena"]
[PlyCount "36"]
[WhiteFideId "16261380"]
[BlackFideId "34605908"]
[EventCountry "GER"]
[EventRounds "7"]
[EventType "team-swiss"]
[EventDate "2021.06.23"]

1. e4 e5 2. Bc4 Nf6 3. Qf3 Bc5 4. Ne2 Nc6 5. Nbc3 d6 6. h3 O-O 7. d3 Nb4 8. Bb3
Be6 9. a3 Nc6 10. Bg5 Bxb3 11. cxb3 Nd4 12. Nxd4 Bxd4 13. Nd5 Bxf2+ 14. Ke2 Bd4
15. Nxf6+ Kh8 16. Nxh7 f6 17. Qh5 g6 18. Qh6 fxg5 1-0

[Event "DVM U14 2020"]
[Site "Willingen GER"]
[Date "2021.06.25"]
[Round "3"]
[White "Kern, Dominik"]
[Black "Chugunov, Ivan"]
[Result "0-1"]
[Termination "normal"]
[Board "10.2"]
[WhiteElo "1349"]
[BlackElo "1500"]
[WhiteTeam "SV Weingarten"]
[BlackTeam "SC Ostfildern 1952 e.V."]
[PlyCount "106"]
[WhiteFideId "34605894"]
[BlackFideId "16256808"]
[EventCountry "GER"]
[EventRounds "7"]
[EventType "team-swiss"]
[EventDate "2021.06.23"]

1. e4 c6 2. d4 d5 3. Nc3 dxe4 4. Nxe4 Nd7 5. Nf3 Ngf6 6. Ng3 e6 7. Bd3 Be7 8.
O-O O-O 9. Re1 b6 10. c4 Bb7 11. Bg5 c5 12. d5 exd5 13. cxd5 Nxd5 14. Bxe7 Nxe7
15. Bb5 Nc6 16. Qd6 Rc8 17. Nf5 Kh8 18. Rad1 Rc7 19. Ne7 Ndb8 20. Nxc6 Qxd6 21.
Rxd6 Bxc6 22. Bxc6 Rxc6 23. Rd2 Rc7 24. Red1 g6 25. Ne5 Kg7 26. f4 Re8 27. Rd6
Rec8 28. a3 Nc6 29. Rd7 Rxd7 30. Rxd7 Nxe5 31. fxe5 Re8 32. Rd5 h5 33. Kf2 Re6
34. Kg3 g5 35. h4 Kg6 36. Rd6 a6 37. a4 c4 38. Kh3 b5 39. axb5 axb5 40. g4
hxg4+ 41. Kxg4 gxh4 42. Rd5 Rb6 43. Kxh4 Kf5 44. Kg3 b4 45. Rc5 c3 46. b3 Ke4
47. Rc7 Kxe5 48. Rxf7 Rc6 49. Rf1 c2 50. Rc1 Kd4 51. Kf2 Kc3 52. Ke1 Kb2 53.
Kd2 Rd6+ 0-1

[Event "DVM U14 2020"]
[Site "Willingen GER"]
[Date "2021.06.25"]
[Round "3"]
[White "Walter, Romeo"]
[Black "Bork, Miron"]
[Result "1-0"]
[Termination "normal"]
[Board "10.3"]
[WhiteElo "1486"]
[BlackElo "1113"]
[WhiteTeam "SC Ostfildern 1952 e.V."]
[BlackTeam "SV Weingarten"]
[PlyCount "45"]
[WhiteFideId "16275055"]
[BlackFideId "34605878"]
[EventCountry "GER"]
[EventRounds "7"]
[EventType "team-swiss"]
[EventDate "2021.06.23"]

1. e4 d5 2. exd5 Nf6 3. Nc3 Nxd5 4. Nf3 Bg4 5. Bc4 e6 6. O-O Bd6 7. d3 O-O 8.
Re1 Qf6 9. Nxd5 exd5 10. Bxd5 c6 11. Be4 Nd7 12. d4 Rae8 13. Qd3 g6 14. Bh6
Bxf3 15. Qxf3 Bxh2+ 16. Kxh2 Qh4+ 17. Qh3 Rxe4 18. Rxe4 Qxe4 19. Qxd7 Rb8 20.
Kg1 a6 21. Qd6 Re8 22. Qf6 g5 23. Qg7# 1-0

[Event "DVM U14 2020"]
[Site "Willingen GER"]
[Date "2021.06.27"]
[Round "7"]
[White "Hommer, Jeremy"]
[Black "Eilenberg, Jonas"]
[Result "1/2-1/2"]
[Termination "normal"]
[Board "1.1"]
[WhiteElo "2180"]
[BlackElo "2126"]
[WhiteClock "00:36:01"]
[BlackClock "00:20:15"]
[WhiteTeam "SC Turm Lüneburg e.V."]
[BlackTeam "SV Königsjäger Süd-West e.V."]
[PlyCount "40"]
[WhiteFideId "12992577"]
[BlackFideId "16204271"]
[EventCountry "GER"]
[EventRounds "7"]
[EventType "team-swiss"]
[EventDate "2021.06.23"]

1. e4 {[%clk 1:30:54]} 1... e6 {[%clk 1:30:52]} 2. d4 {[%clk 1:31:18]} 2... d5
{[%clk 1:31:17]} 3. Bd3 {[%clk 1:31:43]} 3... c5 {[%clk 1:29:47]} 4. c3 { [%clk
1:26:14]} 4... Nc6 {[%clk 1:26:33]} 5. exd5 {[%clk 1:20:46]} 5... Qxd5 { [%clk
1:18:50]} 6. Nf3 {[%clk 1:20:18]} 6... Nf6 {[%clk 1:08:09]} 7. O-O { [%clk
1:19:33]} 7... Be7 {[%clk 1:05:34]} 8. Na3 {[%clk 1:09:49]} 8... O-O { [%clk
0:57:07]} 9. Be3 {[%clk 0:55:01]} 9... cxd4 {[%clk 0:47:36]} 10. cxd4 { [%clk
0:54:15]} 10... Bxa3 {[%clk 0:46:20]} 11. bxa3 {[%clk 0:54:43]} 11... e5 {[%clk
0:45:34]} 12. dxe5 {[%clk 0:52:52]} 12... Nxe5 {[%clk 0:45:51]} 13. Be2 {[%clk
0:52:40]} 13... Nc6 {[%clk 0:38:41]} 14. Qb3 {[%clk 0:47:46]} 14... Qxb3 {[%clk
0:25:41]} 15. axb3 {[%clk 0:48:07]} 15... Nd5 {[%clk 0:25:44]} 16. Bb5 { [%clk
0:38:19]} 16... Nxe3 {[%clk 0:20:10]} 17. fxe3 {[%clk 0:38:48]} 17... Be6
{[%clk 0:20:13]} 18. Bxc6 {[%clk 0:35:38]} 18... bxc6 {[%clk 0:20:39]} 19. Nd4
{[%clk 0:35:52]} 19... c5 {[%clk 0:19:49]} 20. Nxe6 {[%clk 0:36:01]} 20... fxe6
{[%clk 0:20:15]} 1/2-1/2

[Event "DVM U14 2020"]
[Site "Willingen GER"]
[Date "2021.06.27"]
[Round "7"]
[White "Rose, Daniel"]
[Black "Bildat, Emilia"]
[Result "1/2-1/2"]
[Termination "normal"]
[Board "1.2"]
[WhiteElo "1816"]
[BlackElo "1852"]
[WhiteClock "00:13:25"]
[BlackClock "00:06:22"]
[WhiteTeam "SV Königsjäger Süd-West e.V."]
[BlackTeam "SC Turm Lüneburg e.V."]
[PlyCount "66"]
[WhiteFideId "16242963"]
[BlackFideId "16218140"]
[EventCountry "GER"]
[EventRounds "7"]
[EventType "team-swiss"]
[EventDate "2021.06.23"]

1. d4 {[%clk 1:30:58]} 1... Nf6 {[%clk 1:30:47]} 2. c4 {[%clk 1:31:24]} 2... e6
{[%clk 1:31:04]} 3. Nc3 {[%clk 1:31:43]} 3... Bb4 {[%clk 1:31:15]} 4. a3 {
[%clk 1:32:08]} 4... Bxc3+ {[%clk 1:31:20]} 5. bxc3 {[%clk 1:32:34]} 5... O-O {
[%clk 1:30:59]} 6. f3 {[%clk 1:32:40]} 6... d6 {[%clk 1:30:25]} 7. e3 { [%clk
1:32:23]} 7... c5 {[%clk 1:28:49]} 8. Bd3 {[%clk 1:32:12]} 8... Nbd7 { [%clk
1:27:08]} 9. Ne2 {[%clk 1:31:53]} 9... e5 {[%clk 1:25:55]} 10. d5 { [%clk
1:31:31]} 10... Nb6 {[%clk 1:17:03]} 11. Qc2 {[%clk 1:26:26]} 11... Re8 { [%clk
1:14:56]} 12. Ng3 {[%clk 1:18:48]} 12... Bd7 {[%clk 1:10:45]} 13. O-O { [%clk
1:18:02]} 13... Ba4 {[%clk 1:01:22]} 14. Qe2 {[%clk 1:17:47]} 14... Nc8 { [%clk
0:59:51]} 15. Rb1 {[%clk 1:14:31]} 15... Rb8 {[%clk 0:58:19]} 16. e4 { [%clk
1:03:07]} 16... Qc7 {[%clk 0:47:20]} 17. f4 {[%clk 1:00:05]} 17... exf4 { [%clk
0:45:59]} 18. Bxf4 {[%clk 0:55:46]} 18... Nd7 {[%clk 0:44:50]} 19. Nh5 { [%clk
0:53:09]} 19... Ne7 {[%clk 0:38:44]} 20. Qf3 {[%clk 0:52:39]} 20... f6 { [%clk
0:35:53]} 21. Qg3 {[%clk 0:52:44]} 21... Ng6 {[%clk 0:32:24]} 22. Bxd6 { [%clk
0:52:30]} 22... Qd8 {[%clk 0:31:53]} 23. Bxb8 {[%clk 0:52:40]} 23... Qxb8
{[%clk 0:31:52]} 24. Qxb8 {[%clk 0:51:56]} 24... Rxb8 {[%clk 0:32:05]} 25. Nf4
{[%clk 0:49:19]} 25... Nxf4 {[%clk 0:30:58]} 26. Rxf4 {[%clk 0:49:37]} 26...
Ne5 {[%clk 0:30:48]} 27. Be2 {[%clk 0:47:43]} 27... Bc2 {[%clk 0:29:15]} 28.
Ra1 {[%clk 0:42:09]} 28... Rd8 {[%clk 0:20:21]} 29. a4 {[%clk 0:38:04]} 29...
a5 {[%clk 0:15:20]} 30. Kf2 {[%clk 0:20:39]} 30... Bd3 {[%clk 0:13:35]} 31.
Bxd3 {[%clk 0:13:45]} 31... Nxd3+ {[%clk 0:12:21]} 32. Ke3 {[%clk 0:14:11]}
32... Ne5 {[%clk 0:07:30]} 33. Rb1 {[%clk 0:13:25]} 33... b6 {[%clk 0:06:22]}
1/2-1/2

[Event "DVM U14 2020"]
[Site "Willingen GER"]
[Date "2021.06.27"]
[Round "7"]
[White "Rennkamp, Johannes"]
[Black "Korek, Jakob Alexander"]
[Result "1/2-1/2"]
[Termination "normal"]
[Board "1.3"]
[WhiteElo "1603"]
[BlackElo "1663"]
[WhiteClock "00:57:53"]
[BlackClock "00:37:19"]
[WhiteTeam "SC Turm Lüneburg e.V."]
[BlackTeam "SV Königsjäger Süd-West e.V."]
[PlyCount "56"]
[WhiteFideId "16268784"]
[BlackFideId "16240022"]
[EventCountry "GER"]
[EventRounds "7"]
[EventType "team-swiss"]
[EventDate "2021.06.23"]

1. d4 {[%clk 1:30:59]} 1... d5 {[%clk 1:30:54]} 2. c4 {[%clk 1:31:54]} 2... c6
{[%clk 1:31:18]} 3. Nc3 Nf6 4. Nf3 {[%clk 1:32:18]} 4... a6 {[%clk 1:32:01]} 5.
a4 {[%clk 1:30:29]} 5... e6 {[%clk 1:32:18]} 6. Bg5 {[%clk 1:30:54]} 6... a5 {
[%clk 1:32:34]} 7. Qc2 {[%clk 1:30:51]} 7... Be7 {[%clk 1:32:23]} 8. e3 { [%clk
1:30:33]} 8... O-O {[%clk 1:32:23]} 9. Bd3 {[%clk 1:30:25]} 9... h6 { [%clk
1:32:42]} 10. Bh4 {[%clk 1:30:52]} 10... Na6 {[%clk 1:32:49]} 11. O-O { [%clk
1:23:39]} 11... Nb4 {[%clk 1:32:46]} 12. Qd2 {[%clk 1:23:20]} 12... b6 { [%clk
1:32:24]} 13. Ne5 {[%clk 1:20:26]} 13... Nd7 {[%clk 1:30:12]} 14. Bxe7 { [%clk
1:20:09]} 14... Qxe7 {[%clk 1:29:14]} 15. Nxd7 {[%clk 1:19:38]} 15... Qxd7
{[%clk 1:29:01]} 16. Na2 {[%clk 1:19:45]} 16... c5 17. Nxb4 17... axb4 { [%clk
1:25:11]} 18. b3 {[%clk 1:18:02]} 18... Ba6 {[%clk 1:23:12]} 19. Rac1 { [%clk
1:13:25]} 19... Rfc8 {[%clk 1:17:51]} 20. Rfd1 {[%clk 1:11:47]} 20... dxc4
{[%clk 1:09:39]} 21. Bxc4 {[%clk 1:11:08]} 21... b5 {[%clk 1:03:35]} 22. axb5
{[%clk 1:09:32]} 22... Bxb5 {[%clk 1:03:36]} 23. dxc5 {[%clk 1:06:52]} 23...
Qxd2 {[%clk 1:03:13]} 24. Rxd2 {[%clk 1:07:18]} 24... Rxc5 { [%clk 1:03:22]}
25. Kf1 {[%clk 1:07:12]} 25... Kf8 {[%clk 1:01:57]} 26. Ke2 { [%clk 1:06:58]}
26... Ke7 27. Rcc2 {[%clk 1:04:13]} 27... Rac8 {[%clk 0:40:20]} 28. Kd3 {[%clk
0:57:53]} 28... Rd5+ {[%clk 0:37:19]} 1/2-1/2

[Event "DVM U14 2020"]
[Site "Willingen GER"]
[Date "2021.06.27"]
[Round "7"]
[White "Abed, Karim"]
[Black "Rennkamp, David"]
[Result "1/2-1/2"]
[Termination "normal"]
[Board "1.4"]
[WhiteElo "1626"]
[BlackElo "1371"]
[WhiteClock "00:41:11"]
[BlackClock "00:13:01"]
[WhiteTeam "SV Königsjäger Süd-West e.V."]
[BlackTeam "SC Turm Lüneburg e.V."]
[PlyCount "69"]
[WhiteFideId "16242785"]
[BlackFideId "16249526"]
[EventCountry "GER"]
[EventRounds "7"]
[EventType "team-swiss"]
[EventDate "2021.06.23"]

1. Nf3 {[%clk 1:30:56]} 1... Nf6 {[%clk 1:30:44]} 2. g3 {[%clk 1:31:15]} 2...
d5 {[%clk 1:31:01]} 3. Bg2 {[%clk 1:31:32]} 3... Bf5 {[%clk 1:31:18]} 4. O-O {
[%clk 1:31:13]} 4... e6 {[%clk 1:31:31]} 5. d4 {[%clk 1:31:09]} 5... Nbd7 {
[%clk 1:31:36]} 6. Nh4 {[%clk 1:30:25]} 6... c6 {[%clk 1:24:05]} 7. Nxf5 {
[%clk 1:30:50]} 7... exf5 {[%clk 1:24:27]} 8. c4 {[%clk 1:31:20]} 8... g6 {
[%clk 1:16:08]} 9. cxd5 9... Nxd5 {[%clk 1:14:16]} 10. e4 {[%clk 1:30:36]}
10... fxe4 {[%clk 1:11:38]} 11. Bxe4 {[%clk 1:31:01]} 11... N7f6 { [%clk
0:57:16]} 12. Re1 {[%clk 1:31:07]} 12... Be7 {[%clk 0:55:35]} 13. Bh6 { [%clk
1:31:33]} 13... Nxe4 {[%clk 0:54:47]} 14. Rxe4 {[%clk 1:31:57]} 14... f5 {[%clk
0:54:55]} 15. Re2 {[%clk 1:28:55]} 15... Kf7 {[%clk 0:53:44]} 16. Qb3 { [%clk
1:28:15]} 16... Qb6 {[%clk 0:52:47]} 17. Qxb6 {[%clk 1:25:10]} 17... Nxb6
{[%clk 0:49:06]} 18. Nd2 {[%clk 1:24:21]} 18... Rhe8 {[%clk 0:48:37]} 19. Nf3 {
[%clk 1:22:05]} 19... Bf6 {[%clk 0:47:13]} 20. Ne5+ {[%clk 1:21:41]} 20... Bxe5
{[%clk 0:46:32]} 21. dxe5 {[%clk 1:22:06]} 21... Ke6 {[%clk 0:45:30]} 22. Be3 {
[%clk 1:20:20]} 22... Nd5 {[%clk 0:42:42]} 23. Bc5 {[%clk 1:16:10]} 23... Rad8
{[%clk 0:38:58]} 24. f4 {[%clk 1:14:35]} 24... Rd7 {[%clk 0:37:28]} 25. Rc1 {
[%clk 1:08:36]} 25... a6 {[%clk 0:36:50]} 26. Kf2 {[%clk 1:05:31]} 26... Red8 {
[%clk 0:31:24]} 27. Rcc2 {[%clk 1:00:57]} 27... Re8 {[%clk 0:28:34]} 28. Red2 {
[%clk 0:55:09]} 28... Red8 {[%clk 0:26:42]} 29. Ke2 {[%clk 0:55:31]} 29... Nc7
{[%clk 0:16:40]} 30. Be3 {[%clk 0:48:56]} 30... Rxd2+ {[%clk 0:14:16]} 31. Rxd2
{[%clk 0:49:09]} 31... Rxd2+ {[%clk 0:14:20]} 32. Bxd2 {[%clk 0:49:35]} 32...
Kd5 {[%clk 0:13:16]} 33. Kd3 {[%clk 0:47:56]} 33... Ne6 {[%clk 0:13:15]} 34.
Be3 {[%clk 0:46:23]} 34... b5 {[%clk 0:13:01]} 35. b4 {[%clk 0:41:11]} 1/2-1/2

[Event "DVM U14 2020"]
[Site "Willingen GER"]
[Date "2021.06.27"]
[Round "7"]
[White "Garner, Isaac"]
[Black "Ermitsch, Magnus"]
[Result "1/2-1/2"]
[Termination "normal"]
[Board "2.1"]
[WhiteElo "2095"]
[BlackElo "2115"]
[WhiteTeam "Hamburger SK von 1830"]
[BlackTeam "SC Borussia Lichtenberg"]
[PlyCount "59"]
[WhiteFideId "16239261"]
[BlackFideId "16234464"]
[EventCountry "GER"]
[EventRounds "7"]
[EventType "team-swiss"]
[EventDate "2021.06.23"]

1. e4 c5 2. Nf3 e6 3. d4 cxd4 4. Nxd4 Nc6 5. Nc3 Qc7 6. Be3 a6 7. Qf3 Nf6 8.
O-O-O Ne5 9. Qg3 b5 10. f4 Neg4 11. Bd2 b4 12. Na4 h5 13. Bd3 d5 14. e5 Ne4 15.
Bxe4 dxe4 16. h3 Nh6 17. Bxb4 Bxb4 18. Qxg7 Rf8 19. Qxh6 Bd7 20. f5 Bxa4 21.
fxe6 Rd8 22. Rhf1 Rxd4 23. exf7+ Rxf7 24. Qe6+ Qe7 25. Qc8+ Rd8 26. Rxd8+ Qxd8
27. Qe6+ Qe7 28. Qc8+ Qd8 29. Qe6+ Qe7 30. Qc8+ 1/2-1/2

[Event "DVM U14 2020"]
[Site "Willingen GER"]
[Date "2021.06.27"]
[Round "7"]
[White "Kort, Felix"]
[Black "Zobel, Christian"]
[Result "1/2-1/2"]
[Termination "normal"]
[Board "2.3"]
[WhiteElo "1850"]
[BlackElo "1587"]
[WhiteClock "00:13:58"]
[BlackClock "00:57:31"]
[WhiteTeam "Hamburger SK von 1830"]
[BlackTeam "SC Borussia Lichtenberg"]
[PlyCount "106"]
[WhiteFideId "16220129"]
[BlackFideId "16259068"]
[EventCountry "GER"]
[EventRounds "7"]
[EventType "team-swiss"]
[EventDate "2021.06.23"]

1. d4 {[%clk 1:30:58]} 1... b6 {[%clk 1:30:17]} 2. c4 {[%clk 1:31:01]} 2... Bb7
{[%clk 1:30:42]} 3. Nc3 {[%clk 1:31:26]} 3... e6 {[%clk 1:31:03]} 4. e4 { [%clk
1:30:46]} 4... Bb4 {[%clk 1:27:27]} 5. Bd3 {[%clk 1:29:16]} 5... d5 { [%clk
1:24:50]} 6. cxd5 {[%clk 1:15:53]} 6... exd5 {[%clk 1:22:55]} 7. Qa4+ { [%clk
1:14:51]} 7... Nc6 {[%clk 1:22:33]} 8. e5 {[%clk 1:13:50]} 8... Nge7 { [%clk
1:15:55]} 9. Nge2 {[%clk 1:12:00]} 9... O-O {[%clk 1:10:57]} 10. O-O { [%clk
1:11:12]} 10... f6 {[%clk 1:08:07]} 11. f4 {[%clk 1:03:29]} 11... fxe5 { [%clk
1:05:10]} 12. dxe5 {[%clk 1:03:23]} 12... Bc5+ {[%clk 1:05:16]} 13. Kh1 { [%clk
1:03:35]} 13... Nxe5 {[%clk 1:05:13]} 14. Qc2 {[%clk 0:56:09]} 14... Nxd3
{[%clk 1:02:29]} 15. Qxd3 {[%clk 0:56:35]} 15... Nf5 {[%clk 0:58:38]} 16. Rd1 {
[%clk 0:48:52]} 16... c6 {[%clk 0:52:43]} 17. g4 {[%clk 0:39:14]} 17... Nh6 {
[%clk 0:49:02]} 18. Qg3 {[%clk 0:32:10]} 18... Qc7 {[%clk 0:42:42]} 19. Qh4 {
[%clk 0:28:42]} 19... Be7 {[%clk 0:40:11]} 20. Qh5 {[%clk 0:29:01]} 20... d4 {
[%clk 0:38:07]} 21. Ne4 {[%clk 0:21:25]} 21... c5 {[%clk 0:36:29]} 22. N2g3 {
[%clk 0:21:46]} 22... Bd6 {[%clk 0:33:20]} 23. Kg1 {[%clk 0:20:40]} 23... Bxf4
{[%clk 0:32:33]} 24. Rf1 {[%clk 0:19:47]} 24... Bxg3 {[%clk 0:31:07]} 25. Bxh6
{[%clk 0:16:37]} 25... Bxh2+ {[%clk 0:30:58]} 26. Qxh2 {[%clk 0:17:00]} 26...
Qxh2+ {[%clk 0:31:23]} 27. Kxh2 {[%clk 0:17:25]} 27... Bxe4 {[%clk 0:31:29]}
28. Bd2 {[%clk 0:17:24]} 28... Bd3 {[%clk 0:31:28]} 29. Rf4 {[%clk 0:17:24]}
29... Rxf4 {[%clk 0:31:21]} 30. Bxf4 {[%clk 0:17:47]} 30... Re8 {[%clk 0:31:44]
} 31. Rg1 {[%clk 0:17:48]} 31... Re2+ {[%clk 0:31:28]} 32. Rg2 {[%clk 0:18:13]}
32... Rxg2+ {[%clk 0:31:54]} 33. Kxg2 {[%clk 0:18:39]} 33... a6 {[%clk 0:31:12]
} 34. Bc7 {[%clk 0:18:17]} 34... b5 {[%clk 0:31:02]} 35. Bb6 {[%clk 0:18:42]}
35... c4 {[%clk 0:31:16]} 36. Bxd4 {[%clk 0:19:05]} 36... Kf7 {[%clk 0:31:38]}
37. Kf3 {[%clk 0:16:17]} 37... g5 {[%clk 0:31:31]} 38. Bc3 {[%clk 0:13:43]}
38... Kg6 {[%clk 0:31:31]} 39. a3 {[%clk 0:13:33]} 39... h5 {[%clk 0:31:54]}
40. gxh5+ {[%clk 0:13:18]} 40... Kxh5 {[%clk 0:32:20]} 41. Kg3 {[%clk 0:13:13]}
41... Kg6 {[%clk 0:32:40]} 42. Kf3 {[%clk 0:11:40]} 42... Kf5 {[%clk 0:33:03]}
43. Ba5 {[%clk 0:08:27]} 43... g4+ {[%clk 0:30:31]} 44. Kg3 {[%clk 0:07:56]}
44... Be2 {[%clk 0:30:45]} 45. Kf2 {[%clk 0:07:19]} 45... Bd1 {[%clk 0:30:34]}
46. Bc7 {[%clk 0:25:49]} 46... Ke4 {[%clk 1:00:47]} 47. Ke1 {[%clk 0:25:48]}
47... Ba4 {[%clk 1:00:46]} 48. Ke2 {[%clk 0:25:05]} 48... Kd5 {[%clk 0:58:48]}
49. Ke3 {[%clk 0:22:22]} 49... Kc5 {[%clk 0:58:08]} 50. Bd8 {[%clk 0:16:41]}
50... Bd1 {[%clk 0:58:08]} 51. Be7+ {[%clk 0:15:38]} 51... Kd5 {[%clk 0:58:27]}
52. Bh4 {[%clk 0:14:59]} 52... a5 {[%clk 0:57:25]} 53. Be1 {[%clk 0:13:58]}
53... a4 {[%clk 0:57:31]} 1/2-1/2

[Event "DVM U14 2020"]
[Site "Willingen GER"]
[Date "2021.06.27"]
[Round "7"]
[White "Ruddat, Jarne"]
[Black "Genov, Valentin"]
[Result "1-0"]
[Termination "normal"]
[Board "2.4"]
[BlackTitle "CM"]
[WhiteElo "1385"]
[BlackElo "1826"]
[WhiteClock "01:06:54"]
[BlackClock "00:08:03"]
[WhiteTeam "SC Borussia Lichtenberg"]
[BlackTeam "Hamburger SK von 1830"]
[PlyCount "109"]
[WhiteFideId "16254236"]
[BlackFideId "2919745"]
[EventCountry "GER"]
[EventRounds "7"]
[EventType "team-swiss"]
[EventDate "2021.06.23"]

1. e4 1... c5 {[%clk 1:30:57]} 2. Nc3 {[%clk 1:31:23]} 2... d6 {[%clk 1:31:25]}
3. f4 {[%clk 1:31:48]} 3... g6 {[%clk 1:31:51]} 4. Nf3 4... Bg7 {[%clk 1:32:17]
} 5. Bb5+ {[%clk 1:32:39]} 5... Bd7 {[%clk 1:32:44]} 6. Bc4 {[%clk 1:33:04]}
6... Nc6 {[%clk 1:33:10]} 7. O-O {[%clk 1:33:20]} 7... e6 {[%clk 1:33:30]} 8.
d3 {[%clk 1:33:30]} 8... Nge7 {[%clk 1:33:52]} 9. f5 {[%clk 1:33:55]} 9... exf5
{[%clk 1:34:15]} 10. Qe1 {[%clk 1:34:15]} 10... Be6 {[%clk 1:34:36]} 11. exf5 {
[%clk 1:30:43]} 11... gxf5 {[%clk 1:33:51]} 12. Bxe6 {[%clk 1:30:10]} 12...
fxe6 {[%clk 1:34:16]} 13. Qxe6 {[%clk 1:29:52]} 13... Qd7 {[%clk 1:34:44]} 14.
Qxd7+ {[%clk 1:28:41]} 14... Kxd7 {[%clk 1:35:07]} 15. Bf4 {[%clk 1:26:50]}
15... Ng6 {[%clk 1:29:54]} 16. Bg3 {[%clk 1:25:49]} 16... Rhf8 {[%clk 1:28:03]}
17. Rae1 {[%clk 1:23:31]} 17... f4 {[%clk 1:17:26]} 18. Bf2 {[%clk 1:23:46]}
18... Nce5 {[%clk 1:16:51]} 19. Nd2 {[%clk 1:21:20]} 19... Ng4 {[%clk 1:13:02]}
20. Ne2 {[%clk 1:19:26]} 20... b6 {[%clk 1:04:09]} 21. c3 {[%clk 1:19:34]}
21... Rae8 {[%clk 0:54:49]} 22. Nc1 {[%clk 1:16:30]} 22... Ne3 {[%clk 0:43:06]}
23. Bxe3 {[%clk 1:16:32]} 23... fxe3 {[%clk 0:42:55]} 24. Ne4 {[%clk 1:11:18]}
24... d5 {[%clk 0:41:08]} 25. Ng3 {[%clk 1:11:05]} 25... d4 {[%clk 0:35:46]}
26. Nce2 {[%clk 1:08:52]} 26... Ne5 {[%clk 0:16:20]} 27. Rd1 {[%clk 1:05:59]}
27... Rxf1+ {[%clk 0:13:33]} 28. Nxf1 {[%clk 1:05:07]} 28... Ng4 { [%clk
0:13:43]} 29. Nfg3 {[%clk 1:04:06]} 29... Nf2 {[%clk 0:14:06]} 30. Rf1 { [%clk
1:04:23]} 30... Nxd3 {[%clk 0:13:51]} 31. Rf7+ {[%clk 1:04:27]} 31... Re7
{[%clk 0:14:19]} 32. Rxe7+ {[%clk 1:04:36]} 32... Kxe7 {[%clk 0:14:49]} 33.
Nf5+ {[%clk 1:05:05]} 33... Kf6 {[%clk 0:15:18]} 34. Nxg7 {[%clk 1:05:17]}
34... Kxg7 {[%clk 0:15:47]} 35. cxd4 {[%clk 1:05:33]} 35... Nxb2 { [%clk
0:16:00]} 36. dxc5 {[%clk 1:05:51]} 36... bxc5 {[%clk 0:16:29]} 37. Ng3 { [%clk
1:05:50]} 37... Kg6 {[%clk 0:16:37]} 38. Kf1 {[%clk 1:06:03]} 38... Nc4 { [%clk
0:04:06]} 39. Ke2 {[%clk 1:05:19]} 39... Nd6 {[%clk 0:04:30]} 40. Kxe3 { [%clk
1:05:11]} 40... Nf5+ {[%clk 0:04:17]} 41. Nxf5 {[%clk 1:05:35]} 41... Kxf5
{[%clk 0:04:46]} 42. Kd3 {[%clk 1:05:57]} 42... h5 {[%clk 0:04:58]} 43. Kc4
{[%clk 1:05:36]} 43... h4 {[%clk 0:05:03]} 44. Kxc5 44... Kf4 { [%clk 0:04:35]}
45. Kd4 {[%clk 1:03:58]} 45... Kg4 {[%clk 0:04:28]} 46. Ke4 { [%clk 1:04:02]}
46... h3 {[%clk 0:04:53]} 47. gxh3+ 47... Kxh3 {[%clk 0:05:22]} 48. Kd5 {[%clk
1:04:51]} 48... Kxh2 {[%clk 0:05:50]} 49. Kc5 {[%clk 1:04:48]} 49... Kg3 {[%clk
0:06:12]} 50. Kb5 {[%clk 1:05:12]} 50... Kf4 {[%clk 0:06:32]} 51. Ka6 {[%clk
1:05:30]} 51... Ke5 {[%clk 0:06:50]} 52. Kxa7 {[%clk 1:05:50]} 52... Kd5 {[%clk
0:07:10]} 53. Kb6 {[%clk 1:06:05]} 53... Kc4 {[%clk 0:07:36]} 54. a4 {[%clk
1:06:28]} 54... Kb4 {[%clk 0:08:03]} 55. a5 {[%clk 1:06:54]} 1-0